Statistiken für Länder, die Köln am Nächsten liegen

Klicken Sie hier um das Quiz zu spielen!

Allgemein

  • Dieses Quiz wurde 329 mal gespielt
  • Das Durchschnittsergebnis liegt bei 18 aus 19

Antwortstatistiken

kmStaaten% Korrekt
59Belgien
99%
167Frankreich
99%
105Luxemburg
99%
60Niederlande
99%
425Österreich
99%
536Polen
99%
368Schweiz
99%
510Italien
97%
370Tschechien
97%
456Dänemark
96%
628Schweden
93%
449Liechtenstein
92%
782Norwegen
91%
388Vereinigtes Königreich
90%
698Slowenien
89%
763Slowakei
86%
778Ungarn
86%
775Kroatien
78%
800Monaco
70%

Verteilung der Resultate

Perzentil nach korrekt beantworteten Fragen

Anzahl Personen mit jedem Resultat

Ihre Resultats-Entwicklung

Sie haben dieses Quiz noch nicht gespielt